[Event "AUTO-ADV-1849"]
[Site "http://www.queenalice.com/game.php?id=810754"]
[Date "2010.7.30"]
[Round "1"]
[White "Artking"]
[Black "boogaloo"]
[Result "1-0"]
[WhiteElo "1947"]
[BlackElo "1793"]

1. e4 e5 2. Nf3 d5 3. exd5 Bd6 4. c4 Nf6 5. Nc3 O-O 6. d3 Bf5 7. h3 Nbd7 8. Nh4
Bg6 9. Be3 a6 10. Nxg6 fxg6 11. Be2 Qe7 12. Bg5 Qf7 13. O-O h6 14. Bd2 1-0

[Event "AUTO-ADV-1849"]
[Site "http://www.queenalice.com/game.php?id=810755"]
[Date "2010.7.30"]
[Round "1"]
[White "boogaloo"]
[Black "Artking"]
[Result "0-1"]
[WhiteElo "1783"]
[BlackElo "1938"]

1. Nf3 Nf6 2. c4 g6 3. d4 Bg7 4. Nc3 O-O 5. e3 c6 6. Bd3 d6 7. O-O Nbd7 8. b4 e5
9. dxe5 dxe5 10. Bb2 Qc7 11. Qc2 Re8 12. Be2 Nf8 13. Rad1 Bf5 14. Bd3 Bg4 15.
Be2 Ne6 0-1

[Event "QA-ANNIV-06"]
[Site "http://www.queenalice.com/game.php?id=836939"]
[Date "2010.9.23"]
[Round "2"]
[White "Thanasis"]
[Black "boogaloo"]
[Result "1-0"]
[WhiteElo "1946"]
[BlackElo "1782"]

1. e4 e5 2. Nf3 d5 3. exd5 Bd6 4. Nc3 Nf6 5. d3 O-O 6. Bg5 Bf5 7. Nh4 Bc8 8. Ne4
Nbd7 9. Nf5 Be7 10. h4 Nxd5 11. Qh5 N7f6 12. Qf3 1-0

[Event "AUTO-INT-1703"]
[Site "http://www.queenalice.com/game.php?id=839270"]
[Date "2010.9.28"]
[Round "2"]
[White "boogaloo"]
[Black "vindaloo"]
[Result "1-0"]
[WhiteElo "1853"]
[BlackElo "1802"]

1. Nf3 d5 2. c4 c6 3. b3 d4 4. d3 Nd7 5. Nxd4 a6 6. g3 e5 7. Nf3 f5 8. Bb2 Bd6
9. Nbd2 Ngf6 10. Bh3 Nf8 11. Nxe5 Be6 12. O-O Ng6 13. Ndf3 O-O 14. Nxg6 hxg6 15.
Ng5 Bd7 16. Qd2 Nh7 17. Qc3 Qe7 18. Nf3 g5 19. Ne5 Be8 20. e4 f4 21. Bf5 Nf6 22.
d4 c5 23. gxf4 gxf4 24. Qh3 cxd4 25. Be6+ Bf7 26. Ng6 Bxe6 27. Nxe7+ 1-0

[Event "AUTO-INT-1703"]
[Site "http://www.queenalice.com/game.php?id=839271"]
[Date "2010.9.28"]
[Round "2"]
[White "vindaloo"]
[Black "boogaloo"]
[Result "1-0"]
[WhiteElo "1818"]
[BlackElo "1828"]

1. e4 e5 2. Nf3 d5 3. exd5 Bd6 4. d4 e4 5. Ne5 Nf6 6. Nc3 Bf5 7. Bb5+ Nbd7 8.
Bg5 c6 9. dxc6 bxc6 10. Bxc6 Qc7 11. Bxa8 Nxe5 12. Bxf6 gxf6 13. dxe5 Bxe5 14.
Nxe4 Bxb2 15. O-O Bxe4 16. Bxe4 Qf4 17. Bc6+ Kf8 18. Rb1 Be5 19. g3 Qc4 20. Bd5
Qc8 21. Qh5 Kg7 22. Qxf7+ Kh6 23. Rb4 Rg8 24. Rh4+ 1-0

[Event "AUTO-INT-1703"]
[Site "http://www.queenalice.com/game.php?id=839272"]
[Date "2010.9.28"]
[Round "2"]
[White "boogaloo"]
[Black "josealexandreschultz"]
[Result "1-0"]
[WhiteElo "1808"]
[BlackElo "1618"]

1. Nf3 d5 2. c4 dxc4 3. e4 b5 4. Nc3 a6 5. Be2 Nf6 6. O-O Bb7 7. d3 c6 8. dxc4
Qxd1 9. Rxd1 Nbd7 10. b3 e6 11. e5 Ng4 12. Bf4 Bb4 13. Ne4 O-O 14. h3 Nh6 15.
Rxd7 Rab8 16. Bxh6 gxh6 17. Nf6+ Kg7 18. Nd4 Bc8 19. Nxe6+ Kh8 20. Nxf8 Bxf8 21.
Rd8 Kg7 22. Bd3 h5 23. Nd7 Rb7 24. Nxf8 Be6 25. Nxe6+ fxe6 26. Rd6 Rc7 27. Rxe6
1-0

[Event "AUTO-INT-1703"]
[Site "http://www.queenalice.com/game.php?id=839273"]
[Date "2010.9.28"]
[Round "2"]
[White "josealexandreschultz"]
[Black "boogaloo"]
[Result "1-0"]
[WhiteElo "1686"]
[BlackElo "1874"]

1. e4 e5 2. Nf3 d5 3. d3 dxe4 4. Nxe5 exd3 5. Bxd3 Bd6 6. Nf3 Nf6 7. O-O O-O 8.
Bg5 Bg4 9. Nbd2 Nbd7 10. h3 Bh5 11. Re1 h6 12. Bh4 Re8 13. Be2 Qe7 14. c3 Qf8
15. Nd4 Bxe2 16. Rxe2 Rxe2 17. Nxe2 Re8 18. Nd4 a6 19. Qc2 Qe7 20. N2f3 g5 21.
Bg3 Bxg3 22. fxg3 Qe3+ 23. Kh2 Ne5 24. Nxe5 Qxe5 25. Rf1 Nd5 26. Qf2 f6 27. Nf5
Kh7 28. Nd4 c5 29. Nf3 Qe3 30. Nxg5+ hxg5 31. Qf5+ Kg7 32. Qxd5 Re7 33. Qf5 Qe5
34. Qc8 Qc7 35. Qf5 Qb6 36. Rf2 c4 37. Rd2 Qc6 38. h4 Qe6 39. Qxe6 Rxe6 40. Rd7+
Kg6 41. Rxb7 gxh4 42. gxh4 Re2 43. Kh3 Re3+ 44. g3 Re2 45. Rb6 a5 46. a3 Re5 47.
Rb8 Kf5 48. Rd8 Rb5 49. Rd2 1-0

[Event "AUTO-INT-1703"]
[Site "http://www.queenalice.com/game.php?id=839274"]
[Date "2010.9.28"]
[Round "2"]
[White "boogaloo"]
[Black "tenentemurdock"]
[Result "1-0"]
[WhiteElo "1819"]
[BlackElo "1640"]

1. Nf3 d5 2. c4 c6 3. b3 g6 4. Bb2 f6 5. e3 Bg4 6. Be2 Bxf3 7. Bxf3 e5 8. O-O e4
9. Be2 Bd6 10. Nc3 Nh6 11. cxd5 Be5 12. dxc6 bxc6 13. d4 Bc7 14. Nxe4 f5 15. Nc5
Qc8 16. d5 Bd6 17. Bxh8 1-0

[Event "AUTO-INT-1703"]
[Site "http://www.queenalice.com/game.php?id=839275"]
[Date "2010.9.28"]
[Round "2"]
[White "tenentemurdock"]
[Black "boogaloo"]
[Result "0-1"]
[WhiteElo "1791"]
[BlackElo "1773"]

1. e4 e5 2. Bc4 Nf6 3. d3 Bc5 4. Nf3 d5 5. Bb5+ c6 6. Ba4 Bg4 7. Bg5 dxe4 8.
Bxf6 Qxf6 9. h3 exf3 10. hxg4 fxg2 0-1

[Event "AUTO-INT-1653"]
[Site "http://www.queenalice.com/game.php?id=845860"]
[Date "2010.10.14"]
[Round "2"]
[White "javito"]
[Black "boogaloo"]
[Result "0-1"]
[WhiteElo "1624"]
[BlackElo "1810"]

1. e4 e5 2. Nf3 d5 3. Nxe5 Bd6 4. Nxf7 Kxf7 5. Qh5+ Kf8 6. e5 g6 7. Qf3+ Bf5 8.
Qxd5 Be7 9. Qxb7 Nd7 10. Qf3 Nxe5 11. Qc3 Bf6 12. Qc5+ Qe7 13. Qd5 Nf3+ 0-1

[Event "AUTO-INT-1653"]
[Site "http://www.queenalice.com/game.php?id=845861"]
[Date "2010.10.14"]
[Round "2"]
[White "boogaloo"]
[Black "javito"]
[Result "0-1"]
[WhiteElo "1898"]
[BlackElo "1696"]

1. Nf3 f6 2. d4 d5 3. c4 dxc4 4. e4 e5 5. Bxc4 Bb4+ 6. Nc3 Bg4 7. Be3 Bxc3+ 8.
bxc3 Nc6 9. d5 Na5 10. Qa4+ c6 11. dxc6 bxc6 12. Rd1 Qc7 13. Nd2 Bxd1 14. Qxd1
Nxc4 15. Nxc4 Ne7 16. Nd6+ Kf8 17. c4 c5 18. Nb5 Qa5+ 19. Qd2 Qxd2+ 20. Kxd2 Kf7
21. Bxc5 Rhd8+ 22. Ke3 f5 23. Rc1 f4+ 24. Ke2 Nc6 25. Bd6 Nd4+ 26. Ke1 Nxb5 27.
cxb5 Rxd6 28. a4 a5 29. Rc5 Kf6 30. Ke2 Rad8 31. g3 g5 32. Kf3 h5 33. gxf4 Rd3+
34. Kg2 gxf4 35. b6 Rg8+ 36. Kf1 f3 37. Rc6+ Ke7 38. Rc1 Rb8 39. Rb1 Rxb6 40.
Ra1 Rdb3 41. Ke1 Rb1+ 42. Rxb1 Rxb1+ 43. Kd2 Rb4 44. Ke3 Rxa4 45. Kxf3 Rd4 46.
h4 a4 47. Ke3 a3 48. f3 Rb4 0-1

[Event "AUTO-INT-1653"]
[Site "http://www.queenalice.com/game.php?id=845862"]
[Date "2010.10.14"]
[Round "2"]
[White "henschel"]
[Black "boogaloo"]
[Result "1-0"]
[WhiteElo "2186"]
[BlackElo "1810"]

1. e4 e5 2. Bc4 Nf6 3. d3 d5 4. exd5 Nxd5 5. Nf3 Nc6 6. O-O Be6 7. Re1 Bd6 8. d4
exd4 9. Bxd5 Bxh2+ 10. Kxh2 Qxd5 11. c3 d3 12. Be3 1-0

[Event "AUTO-INT-1653"]
[Site "http://www.queenalice.com/game.php?id=845863"]
[Date "2010.10.14"]
[Round "2"]
[White "boogaloo"]
[Black "henschel"]
[Result "0-1"]
[WhiteElo "1812"]
[BlackElo "2185"]

1. Nf3 d5 2. c4 d4 3. d3 Nc6 4. e3 e5 5. Be2 Bb4+ 6. Bd2 Bxd2+ 7. Nbxd2 dxe3 8.
fxe3 Nf6 9. O-O Ng4 10. Ne4 Nxe3 0-1

[Event "AUTO-ADV-1811"]
[Site "http://www.queenalice.com/game.php?id=853259"]
[Date "2010.11.1"]
[Round "2"]
[White "Clovisto"]
[Black "boogaloo"]
[Result "0-1"]
[WhiteElo "1869"]
[BlackElo "1867"]

1. e4 e5 2. Bc4 Nf6 3. Nc3 Nc6 4. Nf3 Bc5 5. Ng5 O-O 6. d3 d6 7. h4 Bg4 8. f3
Bd7 9. Nd5 Nxd5 10. Bxd5 Qc8 11. h5 Nd4 12. c3 Ne6 13. g4 Nxg5 14. Bxg5 c6 15.
Bb3 Be6 16. Bd2 d5 17. exd5 cxd5 18. g5 e4 19. g6 fxg6 20. fxe4 Bg4 21. Bxd5+
Kh8 22. hxg6 Bf2+ 23. Kf1 Bh3+ 24. Ke2 Qg4# 0-1

[Event "AUTO-ADV-1811"]
[Site "http://www.queenalice.com/game.php?id=853260"]
[Date "2010.11.1"]
[Round "2"]
[White "boogaloo"]
[Black "Clovisto"]
[Result "1-0"]
[WhiteElo "1883"]
[BlackElo "1853"]

1. d4 e6 2. c4 Bb4+ 3. Nc3 c5 4. d5 Nf6 5. dxe6 fxe6 6. Qc2 Nc6 7. e3 Ba5 8. Nf3
Nb4 9. Qd1 b6 10. Be2 Bb7 11. O-O h6 12. Ne5 h5 13. Nb5 Qb8 14. Nd6+ Kd8 15.
Nxb7+ Qxb7 16. Nf7+ Ke7 17. Nxh8 Rxh8 18. a3 g5 19. axb4 cxb4 20. b3 Ne4 21. Qd4
Rf8 22. Bf3 Rxf3 23. gxf3 Nc3 24. Qg7+ Kd8 25. Qxg5+ Kc8 26. Qxh5 Qb8 27. Qh8+
Kb7 28. Qxb8+ Kxb8 29. Bb2 1-0

[Event "AUTO-ADV-2059"]
[Site "http://www.queenalice.com/game.php?id=895202"]
[Date "2011.2.3"]
[Round "1"]
[White "luizimbroisi"]
[Black "boogaloo"]
[Result "0-1"]
[WhiteElo "1607"]
[BlackElo "1800"]

1. d4 Nf6 2. Nc3 d5 3. Nf3 c6 4. Bf4 Bf5 5. e3 e6 6. Bd3 Bxd3 7. Qxd3 Be7 8. O-O
Nbd7 9. Rfe1 c5 10. dxc5 Nxc5 11. Qd4 a6 12. a3 O-O 13. h3 Ncd7 14. e4 Bc5 15.
Qd3 Re8 16. Rad1 dxe4 17. Nxe4 Nd5 18. Nxc5 Nxc5 0-1

[Event "AUTO-ADV-2059"]
[Site "http://www.queenalice.com/game.php?id=895203"]
[Date "2011.2.3"]
[Round "1"]
[White "boogaloo"]
[Black "luizimbroisi"]
[Result "1-0"]
[WhiteElo "1808"]
[BlackElo "1599"]

1. d4 d5 2. c4 dxc4 3. Nf3 Nc6 4. Nc3 Nf6 5. Bf4 Bg4 6. e3 e6 7. Bxc4 Bb4 8. Be2
Ne4 9. Qc2 Bf5 10. Bd3 O-O 11. Bxe4 Re8 12. Bxf5 exf5 13. O-O h6 14. Bg3 g6 15.
Rad1 Bd6 16. Ne5 Bxe5 17. Bxe5 Nxe5 18. dxe5 Qe7 19. f4 Rad8 20. Nd5 1-0

[Event "AUTO-ADV-2059"]
[Site "http://www.queenalice.com/game.php?id=895210"]
[Date "2011.2.3"]
[Round "1"]
[White "jeffcom2f"]
[Black "boogaloo"]
[Result "1-0"]
[WhiteElo "1913"]
[BlackElo "1812"]

1. e4 e5 2. Nf3 d5 3. exd5 Bd6 4. Nc3 Nf6 5. d3 Bf5 6. Qe2 O-O 7. Bg5 Nbd7 8.
Nh4 Bg4 9. f3 Bh5 10. g4 Bg6 11. Nxg6 fxg6 12. Ne4 Be7 13. Nxf6+ Bxf6 14. Bxf6
Qxf6 15. O-O-O Qxf3 16. Qxf3 Rxf3 17. Bg2 Rf2 18. Rhg1 Raf8 19. d4 exd4 20. Rxd4
Ne5 21. Re4 1-0

[Event "AUTO-ADV-2059"]
[Site "http://www.queenalice.com/game.php?id=895211"]
[Date "2011.2.3"]
[Round "1"]
[White "boogaloo"]
[Black "jeffcom2f"]
[Result "0-1"]
[WhiteElo "1825"]
[BlackElo "1900"]

1. d4 d5 2. c4 Nf6 3. Nc3 e6 4. Nf3 Bb4 5. e3 Bxc3+ 6. bxc3 O-O 7. cxd5 exd5 8.
Bd3 Nc6 9. O-O Ne7 10. Ba3 Bg4 11. Be2 Bxf3 12. Bxf3 b6 13. Qb3 c6 14. Rfe1 Re8
15. Rab1 Ne4 16. Bxe4 dxe4 0-1